Statistics for Most Populated Countries Containing 'K'

Click here to take the quiz!

General Stats

  • This quiz has been taken 363 times
    (361 since last reset)
  • The average score is 15 of 20

Answer Stats

PopulationCountry% Correct
17 milKazakhstan
92%
64 milUnited Kingdom
89%
46 milKenya
87%
5 milKyrgyzstan
87%
190 milPakistan
86%
76 milTurkey
85%
4 milTurkmenistan
85%
102,351Kiribati
83%
25 milNorth Korea
79%
51 milSouth Korea
79%
30 milUzbekistan
78%
8 milTajikistan
77%
1 milKosovo
75%
42 milUkraine
75%
3 milKuwait
71%
5 milSlovakia
60%
54,191St. Kitts & Nevis
59%
5 milDenmark
58%
18 milBurkina Faso
54%
20 milSri Lanka
52%

Score Distribution

Percentile by Number Answered

Percent of People with Each Score

Your Score History

You have not taken this quiz since the last reset